| 000 | 00886nam a2200241 a 4500 | ||
|---|---|---|---|
| 005 | 20210219160028.0 | ||
| 008 | 080616s1979 mx r 000 0 spa d | ||
| 020 | _a9231016245 | ||
| 035 | _aUPN01000156964 | ||
| 049 | _aUNE | ||
| 080 | _a551.49 (100) =20ZUI N.26 | ||
| 100 | 1 | _aZuidema, Floris C. | |
| 245 | 1 | 0 |
_aof urbanization and industrialization on water resources planning and management : _ba contribution to the International HydrologicalProgramme / _cFloris C. Zuidema. |
| 260 |
_aParís : _bUNESCO, _c1979. |
||
| 300 |
_a11 p. : _bil., map. |
||
| 440 | 0 |
_aStudies and reports in hydrology ; _v26 |
|
| 690 |
_aRecursos hidricos - _xDesarrollo urbano - _xAgua |
||
| 690 |
_aHidrologia - _xIndustrialización - _xAgua |
||
| 690 |
_aAgua - _xUrbanización - _xRecursos hidricos |
||
| 710 | 2 | _aUNESCO | |
| 710 | 2 | _aPHI. Programa Hidrológico Internacional | |
| 905 | _aUNESCO | ||
| 999 |
_c129078 _d129078 |
||